LEADER 04148oam 2200673I 450 001 9910461303503321 005 20200520144314.0 010 $a0-429-90526-2 010 $a0-429-48049-0 010 $a1-283-12529-3 010 $a9786613125293 010 $a1-84940-245-0 024 7 $a10.4324/9780429480492 035 $a(CKB)2670000000094028 035 $a(EBL)712296 035 $a(OCoLC)729167032 035 $a(SSID)ssj0000525902 035 $a(PQKBManifestationID)12204676 035 $a(PQKBTitleCode)TC0000525902 035 $a(PQKBWorkID)10508543 035 $a(PQKB)11051418 035 $a(MiAaPQ)EBC712296 035 $a(Au-PeEL)EBL712296 035 $a(CaPaEBR)ebr10477646 035 $a(CaONFJC)MIL312529 035 $a(OCoLC)738433231 035 $a(EXLCZ)992670000000094028 100 $a20180706h20181998 uy 0 101 0 $aeng 135 $aur|n|---||||| 181 $ctxt 182 $cc 183 $acr 200 10$aStranger in my own body $eatypical gender identity development and mental health /$fby Domenico Di Ceglie 205 $aFirst edition. 210 1$aBoca Raton, FL :$cRoutledge, an imprint of Taylor and Francis,$d[2018]. 210 4$dİ1998 215 $a1 online resource (366 p.) 300 $aDescription based upon print version of record. 311 $a0-367-32713-9 311 $a1-85575-183-6 320 $aIncludes bibliographical references (p. 309-326) and index. 327 $aCOVER; ACKNOWLEDGEMENTS; CONTENTS; LIST OF CONTRIBUTORS; FOREWORDPREFACE; 1. Development and mental health: the issue of difference in atypical gender identity development; 2. Reflections on the nature of the ""atypical gender identity organization""; 3. Associated psychopathology in children with gender identity disorder; 4. The complexity of early trauma: representation and transformation; 5. Biological contributions to atypical gender identity development; 6. The contribution of social anthropology to the understanding of atypical gender identity in childhood 327 $a7. Some developmental trajectories towards homosexuality, transvestism, and transsexualism: mental health implications8. Gender identity disorder, depression, and suicidal risk; 9. Gender identity development and eating disorders; 10. Child sexual abuse and gender identity development: some understanding from work with girls who have been sexually abused; 11. Intersex disorder in childhood and adolescence: gender identity, gender role, sex assignment, and general mental health 327 $a12. Management and therapeutic aims in working with children and adolescents with gender identity disorders, and their families13. Case illustrations; 14. Children of transsexual parents; GLOSSARY; APPENDIX A: Gender Identity Disorders in Children and Adolescents Guidance for Management. The Royal College of Psychiatrists (Introduction by Peter Hill); APPENDIX B: The Gender Identity Development Unit at the Portman Clinic, London; APPENDIX C: Mermaids; REFERENCES; INDEX 330 3 $aThis book brings together the thinking of an international group of clinicians, researchers, and professionals from different disciplines and is based primarily on a selection of papers presented at a conference on the same topic held at the Tavistock Centre, London, in November 1996, but with additional original contributions. It presents a dialogue amongst the various perspectives that can be taken about atypical gender identity development and their relevance to mental health in children and adolescents. The book is aimed at a multidisciplinary professional readership and interested lay people. 606 $aGender identity disorders in children 606 $aGender identity disorders in adolescence 608 $aElectronic books. 615 0$aGender identity disorders in children. 615 0$aGender identity disorders in adolescence. 676 $a618.92/8583 700 $aDi Ceglie$b Domenico$0983792 801 0$bFlBoTFG 801 1$bFlBoTFG 906 $aBOOK 912 $a9910461303503321 996 $aStranger in my own body$92246102 997 $aUNINA LEADER 01118nam a2200301 i 4500 001 991003069279707536 005 20021122115151.0 008 020315s1983 us ||| | eng 020 $a0939950154$c96000 035 $ab11750285-39ule_inst 035 $aLE00646064$9ExL 040 $aDip.to Fisica$bita 082 0 $a52.9.3 082 0 $aQD181 110 2 $aMineralogical Society of America$0530291 245 10$aCarbonates :$bmineralogy and chemistry /$cRichard J. Reeder (ed.) 260 $aWashington, D.C :$bMineralogical Society of America,$cc1983 300 $axii, 394 p. :$bill., charts ;$c23 cm. 490 0 $aReviews in mineralogy ;$v11 500 $aBibliography: p. 369-394. 650 4$aCarbonates 700 1 $aReeder, Richard J.$eauthor$4http://id.loc.gov/vocabulary/relators/aut$0735954 907 $a.b11750285$b27-04-17$c22-11-02 912 $a991003069279707536 945 $aLE006 52.9.3 RIB$g1$i2006000085472$lle006$o-$pE0.00$q-$rl$s- $t0$u1$v0$w1$x0$y.i11992840$z22-11-02 996 $aCarbonates$91454020 997 $aUNISALENTO 998 $ale006$b01-01-02$cm$da $e-$feng$gus $h0$i1